Arqueología y aleteiología, y otros estudios heideggerianos
שמור ב:
| מחבר ראשי: | |
|---|---|
| פורמט: | ספר |
| שפה: | ספרדית |
| יצא לאור: |
Buenos Aires
Biblos
2008
|
| מהדורה: | 1a. ed |
| סדרה: | Fenomenología y Hermenéutica
|
| נושאים: | |
| תגים: |
הוספת תג
אין תגיות, היה/י הראשונ/ה לתייג את הרשומה!
|
MARC
| LEADER | 00000nam a2200000 a 4500 | ||
|---|---|---|---|
| 001 | UCG5164 | ||
| 003 | CL-VaPUC | ||
| 008 | 110113e20080000AG |||||||||||||||||spa|d | ||
| 020 | |a 9789507866555 | ||
| 082 | 0 | 4 | |a 142.7 |b VIG |2 21 |
| 100 | |a Vigo, Alejandro G |e traducción |e análisis |e notas |9 554750 | ||
| 245 | 1 | 0 | |a Arqueología y aleteiología, y otros estudios heideggerianos |
| 250 | |a 1a. ed | ||
| 300 | |a 333 p | ||
| 942 | |c BK | ||
| 945 | |d 20110113 00:00:00 |a cmena | ||
| 260 | |a Buenos Aires |b Biblos |c 2008 | ||
| 650 | 0 | |a Fenomenología |9 256519 | |
| 650 | 0 | |a Filosofía alemana |9 265002 | |
| 650 | 0 | |a Hermenéutica |9 269473 | |
| 583 | |a last modification |c 20110113 00:00:00 |k Rodrigo Vera | ||
| 490 | 0 | |a Fenomenología y Hermenéutica | |
| 999 | |c 343733 |d 343731 | ||
| 952 | |0 0 |1 0 |4 0 |6 142_700000000000000_VIG_2008 |7 0 |8 A |9 441253 |a BIBEDU |b BIBEDU |d 2019-11-22 |i 4748034 |l 2 |m 1 |o 142.7 VIG 2008 |p 4748034 |r 2024-06-04 |s 2024-06-04 |w 2019-11-22 |y BK |k FIL | ||